00327nam a22001097a 4500082001200000100001700012245007500029260003700104300002000141650003700161700001900198 a620.005 aMehmood, Bia aThe Soft Skills of HR-Vital Aspect of TQM Effectiveness /cBia Mehmood aIslamabad :bCEME - NUST,c2016. a124 p. ;c30cm. aEngineering Management-MS-Thesis aDr. Nawar Khan